Christianity and classical culture ; a study of thought and action from Augustus to Augustine.

Bibliographic Details
Main Author: Cochrane, Charles Norris, 1889-1945
Format: Book
Language:English
Published: New York : Oxford University Press, 1944.
Subjects:

MARC

Tag First Indicator Second Indicator Subfields
LEADER 00000cam a2200000 4500
001 in00000058961
005 20151008051011.0
008 740326s1944 eng u
010 |a  44005338  
035 |a (OCoLC)00840657 
035 |9 AAG4897AM 
040 |c BUF  |d TXA  |d UtOrBLW 
049 |a TXAM  |c [129251] 
050 0 |a BR170  |b .C6 1944 
092 |a 270.1  |b C663c 
100 1 |a Cochrane, Charles Norris,  |d 1889-1945. 
245 1 0 |a Christianity and classical culture ;  |b a study of thought and action from Augustus to Augustine. 
264 1 |a New York :  |b Oxford University Press,  |c 1944. 
300 |a vii pages, 1 ., 523 pages ;  |c 22 cm. 
336 |a text  |b txt  |2 rdacontent 
337 |a unmediated  |b n  |2 rdamedia 
338 |a volume  |b nc  |2 rdacarrier 
500 |a "Revised and corrected". 
504 |a Bibliographical footnotes. 
650 0 |a Christian civilization. 
650 0 |a Civilization, Greco-Roman. 
650 0 |a Church history  |y Primitive and early church, ca. 30-600. 
999 |a MARS 
999 f f |s 7e4ea342-3861-3777-8ac4-a1b60f9a5797  |i 67f174b8-6062-3bf8-a347-73a92954a92f  |t 0 
952 f f |p ric  |a Texas A&M University  |b Rellis Campus  |c Joint Library Facility  |d Remote Storage  |t 0  |e BR170 .C6 1944  |h Library of Congress classification  |i unmediated -- volume  |m A14800617919 
998 f f |a BR170 .C6 1944  |t 0  |l Remote Storage